Srimad Bhagawadgeetaa (Record no. 349785)

MARC details
000 -LEADER
fixed length control field 003690000a22001690004500
005 - DATE AND TIME OF LATEST TRANSACTION
control field 20120302055934.0
040 ## - CATALOGING SOURCE
Original cataloging agency S.E
100 ## - MAIN ENTRY--PERSONAL NAME
Personal name Swami Chidbhavananda
245 ## - TITLE STATEMENT
Title Srimad Bhagawadgeetaa
250 ## - EDITION STATEMENT
Edition statement 4
260 ## - PUBLICATION, DISTRIBUTION, ETC. (IMPRINT)
Place of publication, distribution, etc Madras:Rasmkrushna Tapowan,1970.
300 ## - PHYSICAL DESCRIPTION
Extent 1007p.
365 ## - TRADE PRICE
Price amount 7/-
650 ## - SUBJECT ADDED ENTRY--TOPICAL TERM
Topical term or geographic name as entry element Geetaa
650 ## - SUBJECT ADDED ENTRY--TOPICAL TERM
Topical term or geographic name as entry element Bhagawadgeetaa
942 ## - ADDED ENTRY ELEMENTS (KOHA)
Koha item type Book
Holdings
Withdrawn status Lost status Damaged status Not for loan Home library Current library Date acquired Total Checkouts Barcode Date last seen Price effective from
        Institute For Oriental Study, Thane Institute For Oriental Study, Thane 12/02/2009   IOS-14474 12/02/2009 12/02/2009